ՀՀ Գիտությունների ազգային ակադեմիայի հիմնարար գիտական գրադարան  =   Fundamental Scientific Library of NAS RA
Normal view MARC view

Entry Personal Name

Number of records used in: 4

001 - CONTROL NUMBER

  • control field: 4078

003 - CONTROL NUMBER IDENTIFIER

  • control field: AM-YEHGA

005 - DATE AND TIME OF LATEST TRANSACTION

  • control field: 20250617070449.0

008 - FIXED-LENGTH DATA ELEMENTS

  • fixed length control field: 120417 a|ac|n|aab||||||||||||a |n|||||||

040 ## - CATALOGING SOURCE

  • Original cataloging agency: AM-YEHGA

100 1# - HEADING--PERSONAL NAME

  • Personal name: Ամիրխանյան, Օֆելյա Սերգոյի,
  • Dates associated with a name: 1939-

400 1# - SEE FROM TRACING--PERSONAL NAME

  • Personal name: Ամիրխանյան, Օֆելյա Սերգոյի

400 1# - SEE FROM TRACING--PERSONAL NAME

  • Personal name: Ամիրխանյան, Օֆելյա,
  • Dates associated with a name: 1939-

400 1# - SEE FROM TRACING--PERSONAL NAME

  • Personal name: Ամիրխանյան, Օֆելյա

400 1# - SEE FROM TRACING--PERSONAL NAME

  • Personal name: Амирханян, Офелья Сергеевна,
  • Dates associated with a name: 1939-

400 1# - SEE FROM TRACING--PERSONAL NAME

  • Personal name: Amirkhanyan, Ofelya Sergeyi,
  • Dates associated with a name: 1939-

670 ## - SOURCE DATA FOUND

  • Source citation: Մի՞թե ես էի մեղավորը : Վիպակներ և պատմվածքներ; Հեքիաթներ և առակներ; Բանաստեղծություններ և երգեր, 2010 :
  • Information found: Ամիրխանյան Օֆելյա Սերգոյի [ծ. 1939 թ., Նոյեմբերյանի շրջ. Կոթի գ-ում], գրադարանավար-մանկագիր:

670 ## - SOURCE DATA FOUND

  • Source citation: Ձնծաղիկն ու փուշը : Հեքիաթներ, 1990 :
  • Information found: տիտղթ. (Օֆելյա Սերգոյի Ամիրխանյան)

670 ## - SOURCE DATA FOUND

  • Source citation: Լացող խաչքարը : Պատմվածքներ, 2004 :
  • Information found: տիտղթ. (Օֆելյա Ամիրխանյան)


ՀՀ ԳԱԱ հիմնարար գիտական գրադարան
ՀՀ,Երևան 0019
Մարշալ Բաղրամյան 24/6
հեռախոս:(374-10) 52-47-50
Հետադարձ կապ

All site content, except where otherwise noted, is licensed under a
Creative Commons License